Japanese Cities in Summer - Statistics

General Stats
  • This quiz has been taken 17 times
  • The average score is 6 of 9
Answer Stats
Picture Answer % Correct
Osaka
100%
Tokyo
100%
Kyoto
94%
Kanazawa
63%
Yokohama
63%
Nara
56%
Beppu
50%
Okayama
50%
Ise
31%
No matching quizzes found
Score Distribution
Percent of People with Each Score
Percentile by Number Answered
Your Score History
You have not taken this quiz